MARC

LEADER 00000nam0a2200000 4500
001 250810
005 20231101232610.0
020 |a RU  |b 89-10255ж 
035 |a (RuTPU)RU\TPU\book\273038 
090 |a 250810 
100 |a 20140217d1989 k y0rusy5003 ca 
101 0 |a rus 
102 |a UA 
105 |a a z 001zy 
200 1 |a Теория и проектирование полупроводниковых и радиоэлектронных устройств  |f Львовский политехнический институт ; отв. ред. М. Д. Матвийкив 
210 |a Львов  |c Выща школа  |d 1989 
215 |a 154 с.  |c ил. 
225 1 |a Вестник Львовского политехнического института  |v № 236 
320 |a Библиография в конце статей 
606 1 |a Полупроводниковые приборы  |x Проектирование  |2 stltpush  |3 (RuTPU)RU\TPU\subj\50688  |9 69339 
606 1 |a Радиоэлектронная аппаратура  |x Проектирование  |x Автоматизация  |2 stltpush  |3 (RuTPU)RU\TPU\subj\23401  |9 48006 
610 1 |a линейные цепи 
610 1 |a нелинейные цепи 
610 1 |a нелинейные электронные устройства 
610 1 |a радиоэлектронные схемы 
610 1 |a конструирование 
610 1 |a физические явления 
675 |a 621.382.001  |z rus  |v 3 
675 |a 621.396.6.001.63  |z rus  |v 3 
702 1 |a Матвийкив  |b М. Д.  |g Михаил Дмитриевич  |4 340 
712 0 2 |a Львовский политехнический институт  |2 stltpush  |3 (RuTPU)RU\TPU\col\8032 
801 0 |a RU  |b RuMRKP  |c 19950417  |g psbo 
801 1 |a RU  |b 63413507  |c 20140217 
801 2 |a RU  |b 63413507  |c 20140226  |g RCR 
942 |c BK